| 000 | 00812nam a22002057a 4500 | ||
|---|---|---|---|
| 999 |
_c450 _d450 |
||
| 003 | AR-CdUCM | ||
| 008 | 190223b ||||| |||| 00| 0 eng d | ||
| 040 |
_aMUNICIPALIDAD PROVINCIAL DEL CUSCO _cBIBLIOTECA MUNICIPAL DEL CUSCO |
||
| 082 |
_a869.569 / _bSA19 |
||
| 100 |
_aSamaniego, Antenor _91771 |
||
| 245 |
_aCesar Vallejo : _bSu poesía / |
||
| 260 |
_aLima : _bEditorial imprenta sudamericana S.A.; _c1954. |
||
| 300 |
_a147 paginas ; _c21cm. |
||
| 505 | _aPreludio y gestación de una nueva literatura -- El sentimiento indígena en la poesía de Vallejo -- De la superstición al vaticinio -- El color, el paisaje, el hombre -- La estética de Vallejo .. | ||
| 650 |
_aPoesías peruanas _91481 |
||
| 650 |
_aSiglo XX _98 |
||
| 650 |
_aGuerra civil _91772 |
||
| 942 |
_2ddc _cLIBROS |
||
| 945 |
_arum _d2019-02-23 |
||